| 000 | 00453nam a2200157Ia 4500 | ||
|---|---|---|---|
| 008 | 210716s2009 xx 000 0 und d | ||
| 020 | _a9788177584837 | ||
| 041 | _aeng | ||
| 082 | _a004.22 HEUV | ||
| 100 | _aHeuring, Vicent P; Jordan, Harry F; Venkatesh T G. | ||
| 245 | _aComputer systems design and architectures. | ||
| 250 | _a2 | ||
| 260 |
_aNew Delhi _bPearson Education _c2009 |
||
| 300 | _axvii,726 | ||
| 650 | _aComputer Arch., Org.(004.22) | ||
| 999 |
_c190585 _d190585 |
||